| 000 | 00922cam a2200277 i 4500 | ||
|---|---|---|---|
| 001 | 25908 | ||
| 003 | Mx-PuUPA | ||
| 005 | 20250313090822.0 | ||
| 008 | 140415s2018 ag gr 000 0 spa d | ||
| 020 | _a9789877321227 | ||
| 040 |
_aMx-PuUPA _bspa _cMx-PuUPA _dMx-PuUPA _erda |
||
| 041 | 0 | _aspa | |
| 100 | 1 |
_aLópez, Cristian, 1987- _916754 _eautor |
|
| 245 | 1 | 4 |
_aLos inicios de una revolución permanente : _bel nacimiento de la mecánica cuántica (1900-1972) / _cCristian López |
| 250 | _a1a edición | ||
| 264 | 1 |
_aArgentina : _bEdiciones Lagos, _c2018 |
|
| 300 |
_a157 páginas ; _c20 cm |
||
| 336 |
_2rdacontent _atexto _btxt |
||
| 337 |
_2rdamedia _asin medio _bn |
||
| 338 |
_2rdacarrier _avolumen _bnc |
||
| 490 | 0 |
_aColección De las ciencias a la filosofía ; _v5 |
|
| 650 | 7 |
_2armarc _aMecánica cuántica |
|
| 942 |
_2ddc _cLI _h531 _iL86 |
||
| 999 |
_c25908 _d25908 |
||